00337nam a2200109Ia 4500008004000000082001700040100002000057245004400077260005600121300000700177650004300184210210b2000 xxu||||| |||| 00| 0 eng d a540.028 DESL aDESIKACHAR (S). aLaboratory manual in chemistry. II PUC. aBangalore.bExcellent Educational Enterprisesc2000 a36 aLaboratory Manual, Chemistry, II PUC